Entrada Encabezamiento temático
Número de registros utilizados en: 3
001 - NÚMERO DE CONTROL
- campo de control: 4607
003 - IDENTIFICADOR DEL NÚMERO DE CONTROL
- campo de control: vecauma
005 - FECHA Y HORA DE LA ÚLTIMA TRANSACCIÓN
- campo de control: 20230512002305.0
008 - DATOS DE LONGITUD FIJA
- campo de control de longitud fija: 221129|| aca||aabn | a|a d
040 ## - FUENTE DE LA CATALOGACIÓN
- Centro catalogador/agencia de origen: vecauma
053 ## - Número de clasificación LC
- Número de clasificación–único número o número inicial: HN49.C6
150 ## - Materia
- Encabezamiento temático: DESARROLLO RURAL
450 ## - REFERENCIA DE “VEASE” MATERIA
- Encabezamiento temático: Rural development
450 ## - REFERENCIA DE “VEASE” MATERIA
- Encabezamiento temático: Desarrollo agrícola
450 ## - REFERENCIA DE “VEASE” MATERIA
- Encabezamiento temático: Desarrollo comunitario rural
450 ## - REFERENCIA DE “VEASE” MATERIA
- Encabezamiento temático: Desarrollo económico rural
550 ## - REFERENCIA DE "VEASE ADEMAS" MATERIA
- Encabezamiento temático: DESARROLLO ECONOMICO
- Subcampo de control : g
550 ## - REFERENCIA DE "VEASE ADEMAS" MATERIA
- Encabezamiento temático: DESARROLLO COMUNITARIO
550 ## - REFERENCIA DE "VEASE ADEMAS" MATERIA
- Encabezamiento temático: POLITICA AGRICOLA
550 ## - REFERENCIA DE "VEASE ADEMAS" MATERIA
- Encabezamiento temático: POLITICA REGIONAL
550 ## - REFERENCIA DE "VEASE ADEMAS" MATERIA
- Encabezamiento temático: REFORMA AGRARIA
670 ## - FUENTE EN LA QUE SE LOCALIZARON DATOS
- Cita de la fuente: Catálogo de Autoridades de la Biblioteca Nacional de España, 2022
- Información localizada: (Desarrollo rural)
670 ## - FUENTE EN LA QUE SE LOCALIZARON DATOS
- Cita de la fuente: Catálogo de Autoridades de la Biblioteca del Congreso, 2022
- Información localizada: (Rural development)
